| 000 | 00679nam a2200217Ia 4500 | ||
|---|---|---|---|
| 003 | GCL | ||
| 008 | 140319s9999 xx 000 0 ara d | ||
| 040 |
_aGCL / _cGCL |
||
| 082 | 0 | 4 |
_a243 _bس ع |
| 100 | 1 | _aسعيد اللحام | |
| 245 | 1 | 0 |
_aعلامات الساعة / _cسعيد اللحام |
| 250 | _aالاولى | ||
| 260 |
_aبيروت : _bدار الفكر اللبنانى ، _c1991 |
||
| 260 |
_aبيروت : _bمطابع يوسف بيضون ، _c1991 |
||
| 300 |
_a120 ص ؛ _c24 سم |
||
| 650 | 0 | 4 | _aالثواب والعقاب |
| 650 | 0 | 4 | _aالسمعيات |
| 650 | 0 | 4 | _aالمسيح الدجال |
| 650 | 0 | 4 | _aالقيامة، يوم |
| 942 |
_2ddc _cBK |
||
| 999 |
_c4563 _d4563 |
||